000 00729nam a2200253 i 4500
001 12205
003 ES-MaACL
005 20230906150249.0
007 t|
008 960710s1996 sp ||||0| spa j
020 _a84-7490-395-5
040 _aM-BN
_bspa
_cM-BN
080 _a7.033.2(569.1)
100 1 _aPeña, Ignacio.
_990222
245 1 3 _aEl arte cristiano de la Siria bizantina
_b: siglos IV-VII /
_cIgnacio Peña.
250 _a1ª ed.
260 _aMadrid :
_bEncuentro,
_c1996.
300 _a254 p :
_bil ;
_c31 cm.
490 1 _aPueblos y culturas
650 1 4 _aArte bizantino-
_zSiria.
_910172
830 0 _aPueblos y culturas
_9177330
852 _aES-MaACL
_jL-19405
_bR.125731
999 _c12205
_d12205